| 000 | 00419nam a2200181Ia 4500 | ||
|---|---|---|---|
| 008 | 200601s9999 xx 000 0 und d | ||
| 020 | _a0-00-616659-8 | ||
| 050 | _aFIC Am1k | ||
| 050 | _b1964 | ||
| 100 | _aAmbler, Eric | ||
| 245 | 2 | _aA Kind of anger / | |
| 245 | 0 | _cEric Ambler. | |
| 260 | _aGreat Britain : | ||
| 260 | _bThe Bodley Head Ltd. | ||
| 260 | _c1964 | ||
| 300 | _a221 pages : | ||
| 300 | _c18 cm. | ||
| 999 |
_c363467 _d363467 |
||